00550nam a22001937a 45000050016000000100013000160200026000290200023000550350013000780370029000910370019001200820013001391000016001522450030001682600047001982700062002453000029003075000020003362011062403353.0 aB-430934 a9780195666182c545.00 a0195666186c545.00 aB-430934 bOxford University Press  bAllied Pub/Ven a305.8948 aDube, S.C.  aThe Kamar /cby S.C. Dube aNew Delhi bOxford University Press c2004 aYMCA Library Building, Jai Singh RoadbNew Delhi e110001 axxvii, 240p. c24cm(Hb)  aincludes index